<?xml version="1.0" encoding="UTF-8"?>
<marc:record xmlns:marc="http://www.loc.gov/MARC21/slim" type="Bibliographic">
   <marc:leader>00000pam a2200000 c 4500</marc:leader>
   <marc:controlfield tag="001">971859256</marc:controlfield>
   <marc:controlfield tag="003">DE-101</marc:controlfield>
   <marc:controlfield tag="005">20171203164312.0</marc:controlfield>
   <marc:controlfield tag="007">tu</marc:controlfield>
   <marc:controlfield tag="008">040723s2004    gw ||||| |||| 00||||ger  </marc:controlfield>
   <marc:datafield ind1=" " ind2=" " tag="015">
      <marc:subfield code="a">04,A39,1439</marc:subfield>
      <marc:subfield code="z">04,N34,0839</marc:subfield>
      <marc:subfield code="2">dnb</marc:subfield>
   </marc:datafield>
   <marc:datafield ind1="7" ind2=" " tag="016">
      <marc:subfield code="2">DE-101</marc:subfield>
      <marc:subfield code="a">971859256</marc:subfield>
   </marc:datafield>
   <marc:datafield ind1=" " ind2=" " tag="020">
      <marc:subfield code="a">9783492045667</marc:subfield>
      <marc:subfield code="c">Pp. : EUR 19.90 (DE), EUR 20.50 (AT), sfr 34.90</marc:subfield>
      <marc:subfield code="9">978-3-492-04566-7</marc:subfield>
   </marc:datafield>
   <marc:datafield ind1=" " ind2=" " tag="020">
      <marc:subfield code="a">3492045669</marc:subfield>
      <marc:subfield code="c">Pp. : EUR 19.90 (DE), EUR 20.50 (AT), sfr 34.90</marc:subfield>
      <marc:subfield code="9">3-492-04566-9</marc:subfield>
   </marc:datafield>
   <marc:datafield ind1="3" ind2=" " tag="024">
      <marc:subfield code="a">9783492045667</marc:subfield>
   </marc:datafield>
   <marc:datafield ind1=" " ind2=" " tag="035">
      <marc:subfield code="a">(DE-599)DNB971859256</marc:subfield>
   </marc:datafield>
   <marc:datafield ind1=" " ind2=" " tag="035">
      <marc:subfield code="a">(OCoLC)249235617</marc:subfield>
   </marc:datafield>
   <marc:datafield ind1=" " ind2=" " tag="040">
      <marc:subfield code="a">1245</marc:subfield>
      <marc:subfield code="b">ger</marc:subfield>
      <marc:subfield code="c">DE-101</marc:subfield>
      <marc:subfield code="d">9999</marc:subfield>
   </marc:datafield>
   <marc:datafield ind1=" " ind2=" " tag="041">
      <marc:subfield code="a">ger</marc:subfield>
   </marc:datafield>
   <marc:datafield ind1=" " ind2=" " tag="044">
      <marc:subfield code="c">XA-DE-BY</marc:subfield>
   </marc:datafield>
   <marc:datafield ind1="7" ind2="4" tag="082">
      <marc:subfield code="a">830</marc:subfield>
      <marc:subfield code="q">DE-101</marc:subfield>
      <marc:subfield code="2">22sdnb</marc:subfield>
   </marc:datafield>
   <marc:datafield ind1=" " ind2=" " tag="090">
      <marc:subfield code="a">b</marc:subfield>
   </marc:datafield>
   <marc:datafield ind1="1" ind2=" " tag="100">
      <marc:subfield code="0">(DE-588)121467643</marc:subfield>
      <marc:subfield code="0">http://d-nb.info/gnd/121467643</marc:subfield>
      <marc:subfield code="0">(DE-101)121467643</marc:subfield>
      <marc:subfield code="a">Möller, Hildegard</marc:subfield>
      <marc:subfield code="e">Verfasser</marc:subfield>
      <marc:subfield code="4">aut</marc:subfield>
   </marc:datafield>
   <marc:datafield ind1="0" ind2="0" tag="245">
      <marc:subfield code="a">&#x98;Die&#x9c; Frauen der Familie Mann</marc:subfield>
      <marc:subfield code="c">Hildegard Möller</marc:subfield>
   </marc:datafield>
   <marc:datafield ind1=" " ind2="1" tag="264">
      <marc:subfield code="a">München</marc:subfield>
      <marc:subfield code="a">Zürich</marc:subfield>
      <marc:subfield code="b">Piper</marc:subfield>
      <marc:subfield code="c">2004</marc:subfield>
   </marc:datafield>
   <marc:datafield ind1=" " ind2=" " tag="300">
      <marc:subfield code="a">418, [16] S.</marc:subfield>
      <marc:subfield code="b">Ill., graph. Darst.</marc:subfield>
      <marc:subfield code="c">21 cm</marc:subfield>
   </marc:datafield>
   <marc:datafield ind1=" " ind2=" " tag="336">
      <marc:subfield code="a">Text</marc:subfield>
      <marc:subfield code="b">txt</marc:subfield>
      <marc:subfield code="2">rdacontent</marc:subfield>
   </marc:datafield>
   <marc:datafield ind1=" " ind2=" " tag="337">
      <marc:subfield code="a">ohne Hilfsmittel zu benutzen</marc:subfield>
      <marc:subfield code="b">n</marc:subfield>
      <marc:subfield code="2">rdamedia</marc:subfield>
   </marc:datafield>
   <marc:datafield ind1=" " ind2=" " tag="338">
      <marc:subfield code="a">Band</marc:subfield>
      <marc:subfield code="b">nc</marc:subfield>
      <marc:subfield code="2">rdacarrier</marc:subfield>
   </marc:datafield>
   <marc:datafield ind1=" " ind2=" " tag="500">
      <marc:subfield code="a">Literaturverz. S. 403 - 409</marc:subfield>
   </marc:datafield>
   <marc:datafield ind1=" " ind2=" " tag="520">
      <marc:subfield code="a">Waren die Frauen des Hauses Mann glücklich? Sie waren reich geboren und bald berühmt, Mitglieder einer Familie, die in Deutschland wie eine Dynastie bewundert wurde, und verkehrten international mit den wichtigsten Menschen ihrer Zeit. Dennoch: Keine von ihnen vermochte aus dem Schatten Thomas Manns zu treten. Alle konkurrierten sie um die Anerkennung und Liebe des großen &gt;Zauberers&lt;, so unterschiedlich ihre Biographien auch verliefen: Da war Katia, Herrin der Familie und Dienerin ihres Mannes; die &gt;wilde Erika&lt;, immer für einen Skandal gut, ob mit ihrem Mann Gustaf Gründgens zusammen oder mit ihrem Bruder Klaus; Monika, vergebens um Anerkennung bemüht; und Elisabeth, &gt;das Kindchen&lt;, die doch die selbständigste von allen war ... Den &gt;Roman einer Familie&lt; erzählt Hildegard Möller aus den Quellen heraus, aus Briefen, Tagebüchern, literarischen Zeugnissen.</marc:subfield>
   </marc:datafield>
   <marc:datafield ind1="3" ind2="7" tag="600">
      <marc:subfield code="0">(DE-588)118577182</marc:subfield>
      <marc:subfield code="0">http://d-nb.info/gnd/118577182</marc:subfield>
      <marc:subfield code="0">(DE-101)118577182</marc:subfield>
      <marc:subfield code="a">Mann</marc:subfield>
      <marc:subfield code="c">Familie</marc:subfield>
      <marc:subfield code="2">gnd</marc:subfield>
   </marc:datafield>
   <marc:datafield ind1=" " ind2="7" tag="650">
      <marc:subfield code="0">(DE-588)4018202-2</marc:subfield>
      <marc:subfield code="0">http://d-nb.info/gnd/4018202-2</marc:subfield>
      <marc:subfield code="0">(DE-101)040182029</marc:subfield>
      <marc:subfield code="a">Frau</marc:subfield>
      <marc:subfield code="2">gnd</marc:subfield>
   </marc:datafield>
   <marc:datafield ind1=" " ind2=" " tag="653">
      <marc:subfield code="a">(VLB-PF)BB: Gebunden</marc:subfield>
   </marc:datafield>
   <marc:datafield ind1=" " ind2=" " tag="653">
      <marc:subfield code="a">(VLB-WI)1: Hardcover, Softcover, Karte</marc:subfield>
   </marc:datafield>
   <marc:datafield ind1=" " ind2=" " tag="653">
      <marc:subfield code="a">(VLB-WG)160: Belletristik / Briefe, Tagebücher, Biografien</marc:subfield>
   </marc:datafield>
   <marc:datafield ind1="0" ind2="0" tag="689">
      <marc:subfield code="0">(DE-588)118577182</marc:subfield>
      <marc:subfield code="0">http://d-nb.info/gnd/118577182</marc:subfield>
      <marc:subfield code="0">(DE-101)118577182</marc:subfield>
      <marc:subfield code="D">p</marc:subfield>
      <marc:subfield code="a">Mann</marc:subfield>
      <marc:subfield code="c">Familie</marc:subfield>
   </marc:datafield>
   <marc:datafield ind1="0" ind2="1" tag="689">
      <marc:subfield code="0">(DE-588)4018202-2</marc:subfield>
      <marc:subfield code="0">http://d-nb.info/gnd/4018202-2</marc:subfield>
      <marc:subfield code="0">(DE-101)040182029</marc:subfield>
      <marc:subfield code="D">s</marc:subfield>
      <marc:subfield code="a">Frau</marc:subfield>
   </marc:datafield>
   <marc:datafield ind1="0" ind2=" " tag="689">
      <marc:subfield code="5">DE-101</marc:subfield>
      <marc:subfield code="5">DE-101</marc:subfield>
   </marc:datafield>
   <marc:datafield ind1=" " ind2=" " tag="850">
      <marc:subfield code="a">DE-101a</marc:subfield>
      <marc:subfield code="a">DE-101b</marc:subfield>
   </marc:datafield>
   <marc:datafield ind1="4" ind2="2" tag="856">
      <marc:subfield code="m">V:DE-603</marc:subfield>
      <marc:subfield code="q">application/pdf</marc:subfield>
      <marc:subfield code="u">http://d-nb.info/971859256/04</marc:subfield>
      <marc:subfield code="3">Inhaltsverzeichnis</marc:subfield>
   </marc:datafield>
   <marc:datafield ind1="r" ind2=" " tag="925">
      <marc:subfield code="a">ra</marc:subfield>
   </marc:datafield>
</marc:record>
